00366nam a2200133Ia 4500003000400000005001700004008004100021040000900062082001700071100002800088245005900116260004800175300000900223OSt20200610143152.0190216s9999||||xx |||||||||||||| ||und|| coclc a294.5bTHE/H aTheertha, Swami Dharma  0aHistory Of Hindu Imperialism /c Swami Dharma Theertha bDalit Educational Literature Centre,c1992. a280p